Wishing Well Lyrics - Statistics

General Stats
  • This quiz has been taken 215 times
  • The average score is 306 of 410
Answer Stats
Answer % Correct
I
99%
A
96%
The
96%
Can't
94%
My
94%
Well
94%
Wishing
94%
For
93%
Breathe
91%
I'm
91%
In
91%
To
91%
Waiting
91%
Exhale
90%
Pain
90%
An
87%
No
87%
Wishes
87%
Still
86%
But
85%
Me
83%
Oh
83%
Know
82%
Even
79%
Toss
79%
Try
79%
With
79%
On
77%
Though
77%
Do
76%
Drugs
76%
Fail
76%
9
75%
And
75%
Don't
75%
don't
75%
Gon'
75%
It
74%
Like
74%
Stress
72%
Feel
71%
Shoulders
68%
You
68%
How
67%
Is
67%
Luck
67%
Be
66%
Anvil
65%
Killing
65%
Stress
65%
This
64%
All
63%
Got
63%
Part
63%
Softly
63%
Sometimes
62%
Tell
62%
Where
62%
Fine
61%
Real
61%
Take
61%
Want
61%
Lying
60%
Perky
60%
Them
60%
Worry
60%
Anthill
58%
Itching
58%
Hide
57%
Just
57%
Depression
56%
Hurt
56%
Ring
56%
As
55%
From
55%
Hill
54%
Weapon
54%
Addiction
53%
Feelings
53%
Here
53%
Nobody
52%
Pills
52%
Taking
52%
If
51%
Phone
51%
Secret
51%
Talk
51%
Call
50%
Cry
50%
Memories
50%
Other
50%
Won't
50%
Cause
49%
Fiction
49%
It's
49%
Devil
48%
Keep
48%
Let's
48%
Line
48%
Listen
48%
Need
48%
Now
48%
Past
48%
These
48%
Help
47%
Miss
47%
Out
46%
They
46%
Of
45%
Told
45%
Used
45%
Wasn't
45%
Wouldn't
45%
Fix
44%
Lauryn
44%
Yeah
44%
Speaking
43%
Alone
42%
Pieces
41%
Y'all
41%
Finished
40%
Really
40%
Think
40%
Broke
38%
Ima
38%
Tearing
38%
Feels
35%
Somethin'
34%
Stopped
34%
Til
34%
No matching quizzes found
Score Distribution
Percent of People with Each Score
Percentile by Number Answered
Your Score History
You have not taken this quiz